000 00493nam a2200181Ia 4500
005 20250508164111.0
008 008 250505s9999 xx 000 0 eng d
020 _a81-7154-993-4
037 _aReference
040 _aFEDL
_beng
_cFEDL
041 _aeng
_2eng
084 _a954, BHA
_qFEDL
245 0 _aBharat gyankosh : Khand 1
260 _aNew Delhi, India
_bEncyclopaedia Britannica
_c2002
300 _axvi,515p.
942 _cREF
_h954, BHA
999 _c1387060
_d1387060